[Event "LTU-ch blind and visually impaired (W)"]
[Site "Kaunas"]
[Date "2018.04.11"]
[Round "7.2"]
[White "Sidaraviciute, Ruta"]
[Black "Diniene, Elena"]
[Result "0-1"]
[WhiteElo "1480"]
[BlackElo "1352"]
[PlyCount "104"]
[EventDate "2018.04.07"]
[EventType "tourn"]
[EventRounds "6"]
[EventCountry "LTU"]
[SourceTitle "EXT 2024"]
[Source "ChessBase"]
[SourceDate "2023.10.10"]
[SourceVersion "1"]
[SourceVersionDate "2023.10.10"]
[SourceQuality "1"]

1. d4 d5 2. Nf3 e6 3. c4 Bb4+ 4. Nc3 Nf6 5. a3 Bxc3+ 6. bxc3 0-0 7. Bg5 h6 8. Bh4 c6 9. e3 Nbd7 10. Qb3 a5 11. Bd3 a4 12. Qb2 Qa5 13. 0-0 Re8 14. Bg3 Nh5 15. Bd6 Ndf6 16. Qc2 c5 17. cxd5 exd5 18. Rab1 c4 19. Be2 Ne4 20. Bb4 Qd8 21. Nd2 Nhf6 22. Bf3 Bf5 23. Nxe4 Nxe4 24. Qc1 Ng5 25. Rb2 Nxf3+ 26. gxf3 Qg5+ 27. Kh1 Qh5 28. Qd1 Re6 29. Rg1 Rg6 30. Rg3 Raa6 31. Bc5 Rxg3 32. fxg3 Rg6 33. g4 Bxg4 34. fxg4 Rxg4 35. Qf1 Rh4 36. Rf2 f6 37. Rg2 f5 38. Bd6 Re4 39. Rg3 Rg4 40. Rxg4 Qxg4 41. Bb4 Qe4+ 42. Kg1 Qxe3+ 43. Kh1 Qe4+ 44. Kg1 f4 45. h4 f3 46. Qf2 Qg4+ 47. Kf1 h5 48. Ke1 Qe4+ 49. Kf1 Qb1+ 50. Qe1 Qd3+ 51. Kg1 Qg6+ 52. Kf1 Qg2# 0-1

[Event "LTU-chT (Women)"]
[Site "Lithuania"]
[Date "2018.03.24"]
[Round "2.1"]
[White "Sidaraviciute, Ruta"]
[Black "Kaspute, Vesta"]
[Result "0-1"]
[WhiteElo "1480"]
[BlackElo "2068"]
[PlyCount "66"]
[EventDate "2018.03.24"]
[EventType "team-tourn"]
[EventRounds "5"]
[EventCountry "LTU"]
[SourceTitle "EXT 2019"]
[Source "ChessBase"]
[SourceDate "2018.10.10"]
[SourceVersion "1"]
[SourceVersionDate "2018.10.10"]
[SourceQuality "1"]
[WhiteTeam "Vilnius LASF (W)"]
[BlackTeam "Vilnius (W)"]
[WhiteTeamCountry "LTU"]
[BlackTeamCountry "LTU"]

1. d4 Nf6 2. c4 g6 3. Nf3 Bg7 4. Nc3 d5 5. Bg5 dxc4 6. Qa4+ c6 7. Qxc4 Na6 8. a3 0-0 9. Qb3 c5 10. e3 cxd4 11. Nxd4 Nc5 12. Qd1 Nfe4 13. h4 Nxc3 14. bxc3 h6 15. Bf4 e5 16. Bxe5 Bxe5 17. Be2 Bxd4 18. cxd4 Qa5+ 19. Kf1 Ne4 20. Bd3 Nd6 21. g4 Be6 22. Kg1 Rac8 23. Kh2 Kg7 24. Kg3 Bd5 25. f3 Rc3 26. e4 Nxe4+ 27. Bxe4 Bxe4 28. Rf1 Qc7+ 29. Kg2 Rc2+ 30. Rf2 Rxf2+ 31. Kxf2 Qh2+ 32. Ke3 Bd5 33. Kd3 Qf4 0-1

[Event "LTU-chT (Women)"]
[Site "Vilnius"]
[Date "2017.02.19"]
[Round "5.1"]
[White "Joffe, Roza"]
[Black "Sidaraviciute, Ruta"]
[Result "1/2-1/2"]
[WhiteElo "1985"]
[BlackElo "1486"]
[PlyCount "71"]
[EventDate "2017.01.28"]
[EventType "team-tourn"]
[EventRounds "7"]
[EventCountry "LTU"]
[SourceTitle "EXT 2018"]
[Source "ChessBase"]
[SourceDate "2017.10.13"]
[SourceVersion "1"]
[SourceVersionDate "2017.10.13"]
[SourceQuality "1"]
[WhiteTeam "Kaunas Margiris (W) II"]
[BlackTeam "LASF (W)"]
[WhiteTeamCountry "LTU"]
[BlackTeamCountry "LTU"]

1. d4 Nf6 2. c4 e6 3. Nf3 d5 4. Nc3 Be7 5. Bg5 0-0 6. e3 h6 7. Bh4 Ne4 8. Bxe7 Qxe7 9. Nxe4 dxe4 10. Nd2 f5 11. c5 e5 12. Nb3 exd4 13. Qxd4 Nc6 14. Qc3 Be6 15. Bc4 Bxc4 16. Qxc4+ Qf7 17. Qxf7+ Rxf7 18. Ke2 Rd8 19. Rad1 Rfd7 20. f4 Rxd1 21. Rxd1 Rxd1 22. Kxd1 h5 23. a3 Kf7 24. Nd2 a5 25. Kc2 Ke6 26. Kc3 Kd5 27. b4 axb4+ 28. axb4 Na7 29. Nc4 Nc8 30. Ne5 b6 31. cxb6 cxb6 32. Ng6 b5 33. g3 Kd6 34. Kd4 Na7 35. Ne5 Nc8 36. Ng6 1/2-1/2

[Event "LTU-ch Blind and Visually Impaired (W)"]
[Site "Vilnius"]
[Date "2016.04.23"]
[Round "4.3"]
[White "Skerute, Irena"]
[Black "Sidaraviciute, Ruta"]
[Result "1/2-1/2"]
[WhiteElo "1390"]
[BlackElo "1497"]
[PlyCount "33"]
[EventDate "2016.04.21"]
[EventType "tourn"]
[EventRounds "5"]
[EventCountry "LTU"]
[SourceTitle "EXT 2024"]
[Source "ChessBase"]
[SourceDate "2023.10.10"]
[SourceVersion "1"]
[SourceVersionDate "2023.10.10"]
[SourceQuality "1"]

1. c4 e5 2. Nc3 Nc6 3. Nf3 g6 4. d3 Bg7 5. g3 d6 6. Bg2 Bd7 7. Bd2 Nge7 8. Rc1 a6 9. a3 Rb8 10. b4 Qc8 11. h4 0-0 12. b5 Nd8 13. a4 Ne6 14. Ne4 f5 15. Neg5 h5 16. Nxe6 Bxe6 17. Ng5 1/2-1/2

[Event "LTU-chT (Women)"]
[Site "Vilnius"]
[Date "2016.04.02"]
[Round "6.3"]
[White "Navickaite, Sandra"]
[Black "Sidaraviciute, Ruta"]
[Result "1-0"]
[WhiteElo "1705"]
[BlackElo "1497"]
[PlyCount "61"]
[EventDate "2016.01.23"]
[EventType "team-swiss"]
[EventRounds "7"]
[EventCountry "LTU"]
[SourceTitle "EXT 2017"]
[Source "ChessBase"]
[SourceDate "2016.10.25"]
[SourceVersion "1"]
[SourceVersionDate "2016.10.25"]
[SourceQuality "1"]
[WhiteTeam "Kaunas Margiris (W) II"]
[BlackTeam "LASF (W)"]
[WhiteTeamCountry "LTU"]
[BlackTeamCountry "LTU"]

1. d4 Nf6 2. c4 e6 3. Nc3 d5 4. cxd5 Nxd5 5. e4 Nxc3 6. bxc3 c6 7. Nf3 Be7 8. Bd3 Nd7 9. 0-0 0-0 10. Qc2 g6 11. g3 Bf6 12. e5 Be7 13. h4 f5 14. exf6 Nxf6 15. Bh6 Qe8 16. Bxf8 Bxf8 17. Ne5 Kg7 18. Rfe1 c5 19. Rab1 b6 20. Bb5 Qe7 21. Bc6 Bb7 22. dxc5 Bxc6 23. Nxc6 Qxc5 24. Nd4 Qc4 25. Nxe6+ Kf7 26. Rb4 Bxb4 27. Ng5+ Kg7 28. Qa4 Qxc3 29. Rd1 Bc5 30. Rd7+ Kg8 31. Qf4 1-0

[Event "LTU-chT (Women)"]
[Site "Vilnius"]
[Date "2016.02.07"]
[Round "5.3"]
[White "Sidaraviciute, Ruta"]
[Black "Urbonaviciute, Zivile"]
[Result "1/2-1/2"]
[WhiteElo "1497"]
[BlackElo "1865"]
[PlyCount "135"]
[EventDate "2016.01.23"]
[EventType "team-swiss"]
[EventRounds "7"]
[EventCountry "LTU"]
[SourceTitle "EXT 2017"]
[Source "ChessBase"]
[SourceDate "2016.10.25"]
[SourceVersion "1"]
[SourceVersionDate "2016.10.25"]
[SourceQuality "1"]
[WhiteTeam "LASF (W)"]
[BlackTeam "Vilnius MRU (W)"]
[WhiteTeamCountry "LTU"]
[BlackTeamCountry "LTU"]

1. d4 d5 2. Nf3 Nf6 3. g3 Bf5 4. Bg2 e6 5. 0-0 Bd6 6. c4 c6 7. b3 0-0 8. Bb2 Nbd7 9. Nc3 Ne4 10. Nh4 Nxc3 11. Bxc3 Bg4 12. Nf3 Re8 13. Ne5 Bxe5 14. dxe5 Qc7 15. f3 Bh5 16. g4 Bg6 17. f4 f5 18. g5 b5 19. cxb5 cxb5 20. Bd4 Rac8 21. Rc1 Qa5 22. Rc2 Nb8 23. Qc1 Qa6 24. Bf2 Nc6 25. Qd2 Qb7 26. Rfc1 a6 27. h3 Nb8 28. Bd4 Nc6 29. Bf2 Bh5 30. Kf1 Ne7 31. Be3 Rxc2 32. Rxc2 Rc8 33. Qc1 Rxc2 34. Qxc2 Ng6 35. Qc5 Nh4 36. Bh1 Bf7 37. b4 Ng6 38. a3 Nf8 39. Bf3 Nd7 40. Qc1 g6 41. Bd4 Nb6 42. Kf2 Nc4 43. Bc5 Qa8 44. Qc3 Be8 45. Bd4 Bc6 46. h4 Kg7 47. Kg3 h6 48. Qc1 a5 49. Qc3 axb4 50. axb4 Qa4 51. Qe1 Qb3 52. Bc5 h5 53. Qa1 Na3 54. Kf2 Qa4 55. Qc1 Nc4 56. Qe1 Qa3 57. Qd1 Qa2 58. Qc1 Kf7 59. Bd4 Qb3 60. Bc5 Qa2 61. Bd4 Qa3 62. Qxa3 Nxa3 63. Bc5 Nc2 64. e3 Na3 65. Be2 Nc4 66. Bf3 Nd2 67. Ke2 Nb3 68. Bb6 1/2-1/2

[Event "LTU-chT (Women)"]
[Site "Vilnius"]
[Date "2016.02.06"]
[Round "4.3"]
[White "Perminaite, Guoda"]
[Black "Sidaraviciute, Ruta"]
[Result "1-0"]
[WhiteElo "1849"]
[BlackElo "1497"]
[PlyCount "120"]
[EventDate "2016.01.23"]
[EventType "team-swiss"]
[EventRounds "7"]
[EventCountry "LTU"]
[SourceTitle "EXT 2017"]
[Source "ChessBase"]
[SourceDate "2016.10.25"]
[SourceVersion "1"]
[SourceVersionDate "2016.10.25"]
[SourceQuality "1"]
[WhiteTeam "Kaunas Margiris (W)"]
[BlackTeam "LASF (W)"]
[WhiteTeamCountry "LTU"]
[BlackTeamCountry "LTU"]

1. e4 e6 2. d4 d5 3. Nc3 a6 4. Be3 Nf6 5. e5 Nfd7 6. f4 c5 7. Nf3 Nc6 8. Be2 cxd4 9. Nxd4 Nxd4 10. Bxd4 Be7 11. 0-0 Bc5 12. Bxc5 Nxc5 13. Qd4 Qe7 14. Na4 Nxa4 15. Qxa4+ Bd7 16. Qb3 Bc6 17. Qg3 g6 18. c3 0-0-0 19. Rfd1 Kb8 20. Qe3 h6 21. a4 g5 22. fxg5 hxg5 23. b4 Be8 24. Qb6 Qc7 25. Qxc7+ Kxc7 26. Rd4 Rh6 27. Rg4 Rg6 28. Bd3 Rg8 29. h4 Kb8 30. a5 Rc8 31. Rc1 Bd7 32. hxg5 Rc7 33. Rg3 Rgc8 34. Bf1 Ba4 35. Kf2 Bb3 36. Ke1 Bc4 37. Kd2 Re7 38. g6 fxg6 39. Rxg6 Bxf1 40. Rxf1 Rec7 41. Rf3 Re7 42. g4 Ka7 43. g5 b6 44. axb6+ Kxb6 45. Rgf6 Rg8 46. g6 Kc6 47. Rf7 Rxf7 48. gxf7 Rf8 49. Kd3 Kd7 50. Kd4 Kc6 51. Rf6 Kd7 52. Kc5 Ke7 53. Kb6 Rb8+ 54. Kxa6 Kf8 55. b5 Rc8 56. Rf3 Rc4 57. b6 d4 58. cxd4 Rxd4 59. b7 Ra4+ 60. Kb5 Ra1 1-0

[Event "LTU-chT (Women)"]
[Site "Vilnius"]
[Date "2016.02.06"]
[Round "3.3"]
[White "Sidaraviciute, Ruta"]
[Black "Griciute, Rosita"]
[Result "0-1"]
[WhiteElo "1497"]
[BlackElo "1689"]
[PlyCount "70"]
[EventDate "2016.01.23"]
[EventType "team-swiss"]
[EventRounds "7"]
[EventCountry "LTU"]
[SourceTitle "EXT 2017"]
[Source "ChessBase"]
[SourceDate "2016.10.25"]
[SourceVersion "1"]
[SourceVersionDate "2016.10.25"]
[SourceQuality "1"]
[WhiteTeam "LASF (W)"]
[BlackTeam "Plunge Bokstas (W)"]
[WhiteTeamCountry "LTU"]
[BlackTeamCountry "LTU"]

1. d4 d5 2. Nf3 Nf6 3. g3 g6 4. Bg2 Bg7 5. 0-0 0-0 6. Bf4 Nbd7 7. Nbd2 c5 8. c3 e6 9. dxc5 Nxc5 10. Nb3 Nce4 11. Nfd2 Re8 12. Nxe4 Nxe4 13. Be3 Nf6 14. h3 e5 15. Bg5 b6 16. Bxf6 Qxf6 17. Qxd5 Rb8 18. Qc6 Qe7 19. Qe4 f5 20. Qc2 Qg5 21. e3 f4 22. exf4 exf4 23. Kh2 Be5 24. Bd5+ Kh8 25. Qd3 fxg3+ 26. fxg3 Bxg3+ 27. Qxg3 Qxd5 28. Nd4 Bb7 29. Rfe1 Rbd8 30. b3 Rc8 31. Rac1 b5 32. Ra1 b4 33. Rac1 bxc3 34. Rg1 Qxd4 35. Rgd1 Re2+ 0-1

[Event "LTU-chT (Women)"]
[Site "Lithuania"]
[Date "2014.03.15"]
[Round "4"]
[White "Navickaite, Sandra"]
[Black "Sidaraviciute, Ruta"]
[Result "1/2-1/2"]
[WhiteElo "1738"]
[BlackElo "1530"]
[PlyCount "110"]
[EventDate "2014.02.08"]
[EventType "team-tourn"]
[EventRounds "5"]
[EventCountry "LTU"]
[SourceTitle "EXT 2016"]
[Source "ChessBase"]
[SourceDate "2015.10.08"]
[SourceVersion "1"]
[SourceVersionDate "2015.10.08"]
[SourceQuality "1"]

1. d4 Nf6 2. c4 e6 3. Nc3 d5 4. cxd5 Nxd5 5. e4 Nxc3 6. bxc3 Be7 7. Nf3 0-0 8. Bd2 b6 9. Qc2 Nd7 10. Bd3 Bb7 11. 0-0 h6 12. Rfe1 c5 13. a4 cxd4 14. cxd4 Rc8 15. Qa2 Re8 16. Rac1 Bd6 17. Rxc8 Qxc8 18. Rc1 Qb8 19. e5 Be7 20. Bb5 Rd8 21. Bc6 Bxc6 22. Rxc6 Rc8 23. Qc4 Rxc6 24. Qxc6 Qd8 25. h3 Nf8 26. g4 Qd7 27. Qb5 Qxb5 28. axb5 Nd7 29. g5 hxg5 30. Bxg5 Bxg5 31. Nxg5 Nb8 32. Ne4 a6 33. Nc3 axb5 34. Nxb5 Nc6 35. f4 Kf8 36. Kf2 Ke7 37. Ke3 f6 38. exf6+ Kxf6 39. Ke4 g6 40. Nc3 Nb4 41. h4 Nc6 42. d5 Ne7 43. dxe6 Kxe6 44. Nb5 Kf6 45. Nc7 Kf7 46. Kf3 Kf6 47. Kg4 Kf7 48. Kg5 Ng8 49. f5 gxf5 50. Kxf5 Ne7+ 51. Kg5 Ng8 52. h5 Kg7 53. Ne6+ Kh7 54. Nf8+ Kg7 55. Ne6+ Kh7 1/2-1/2

[Event "Vilnius-ch blind and visually impaired"]
[Site "Vilnius"]
[Date "2014.03.13"]
[Round "9.1"]
[White "Sidaraviciute, Ruta"]
[Black "Slusnys, Evaldas"]
[Result "0-1"]
[WhiteElo "1530"]
[BlackElo "1913"]
[PlyCount "62"]
[EventDate "2014.03.08"]
[EventType "tourn"]
[EventRounds "9"]
[EventCountry "LTU"]
[SourceTitle "EXT 2024"]
[Source "ChessBase"]
[SourceDate "2023.10.10"]
[SourceVersion "1"]
[SourceVersionDate "2023.10.10"]
[SourceQuality "1"]

1. d4 e6 2. c4 b6 3. Nf3 Bb7 4. Nc3 Bb4 5. a3 Bxc3+ 6. bxc3 f5 7. Bg5 Nf6 8. h3 d6 9. e3 Nbd7 10. Bd3 0-0 11. 0-0 Qe8 12. Qc2 Bxf3 13. gxf3 Qg6 14. f4 h6 15. Kh2 hxg5 16. fxg5 Qxg5 17. Rg1 Qh4 18. f3 Nh5 19. d5 Ne5 20. Raf1 Nxd3 21. Qxd3 e5 22. f4 exf4 23. exf4 Rae8 24. Qd2 Re4 25. Qg2 Rfe8 26. Qg5 Re2+ 27. Rg2 Rxg2+ 28. Kxg2 Re2+ 29. Kf3 Qxh3+ 30. Kxe2 Ng3+ 31. Kd2 Ne4+ 0-1

[Event "Vilnius-ch blind and visually impaired"]
[Site "Vilnius"]
[Date "2014.03.11"]
[Round "5.3"]
[White "Sidaraviciute, Ruta"]
[Black "Grybas, Gintaras"]
[Result "0-1"]
[WhiteElo "1530"]
[BlackElo "1975"]
[PlyCount "42"]
[EventDate "2014.03.08"]
[EventType "tourn"]
[EventRounds "9"]
[EventCountry "LTU"]
[SourceTitle "EXT 2024"]
[Source "ChessBase"]
[SourceDate "2023.10.10"]
[SourceVersion "1"]
[SourceVersionDate "2023.10.10"]
[SourceQuality "1"]

1. d4 d5 2. c4 c6 3. e3 Nf6 4. Nc3 Bf5 5. Nf3 e6 6. Bd3 Bg6 7. Bxg6 hxg6 8. cxd5 exd5 9. Qc2 Bd6 10. h3 Na6 11. Bd2 Nc7 12. 0-0-0 Ne6 13. e4 dxe4 14. Nxe4 0-0 15. Nxd6 Qxd6 16. Bc3 b5 17. Kb1 a5 18. Rhe1 b4 19. Bd2 Nxd4 20. Nxd4 Qxd4 21. Bxb4 Qxb4 0-1

[Event "Vilnius-ch blind and visually impaired"]
[Site "Vilnius"]
[Date "2014.03.09"]
[Round "2.2"]
[White "Kuvsinov, Anatolij"]
[Black "Sidaraviciute, Ruta"]
[Result "1-0"]
[WhiteElo "1857"]
[BlackElo "1530"]
[PlyCount "79"]
[EventDate "2014.03.08"]
[EventType "tourn"]
[EventRounds "9"]
[EventCountry "LTU"]
[SourceTitle "EXT 2024"]
[Source "ChessBase"]
[SourceDate "2023.10.10"]
[SourceVersion "1"]
[SourceVersionDate "2023.10.10"]
[SourceQuality "1"]

1. e4 e5 2. Nf3 Nc6 3. Bb5 a6 4. Ba4 Nf6 5. Nc3 b5 6. Bb3 Be7 7. d3 0-0 8. Nd5 d6 9. Nxf6+ Bxf6 10. h3 Na5 11. Bd2 Nxb3 12. axb3 Bb7 13. c4 c6 14. 0-0 d5 15. Bc3 d4 16. Bd2 Re8 17. Nh2 Be7 18. f4 f6 19. fxe5 fxe5 20. Qh5 Bf6 21. Ng4 Qe7 22. Nxf6+ gxf6 23. Rf3 Kh8 24. Raf1 Rf8 25. g4 Rf7 26. Bb4 Qe6 27. Qh4 Kg7 28. g5 Kh8 29. Rxf6 Rxf6 30. Rxf6 Qd7 31. Bf8 Bc8 32. Kh2 Bb7 33. g6 Kg8 34. Rf7 Qxf7 35. gxf7+ Kxf8 36. Qxh7 Rc8 37. h4 a5 38. h5 bxc4 39. bxc4 c5 40. h6 1-0

[Event "Vilnius-ch blind and visually impaired"]
[Site "Vilnius"]
[Date "2014.03.08"]
[Round "1.5"]
[White "Sidaraviciute, Ruta"]
[Black "Rutkauskas, Gediminas"]
[Result "0-1"]
[WhiteElo "1530"]
[BlackElo "1873"]
[PlyCount "86"]
[EventDate "2014.03.08"]
[EventType "tourn"]
[EventRounds "9"]
[EventCountry "LTU"]
[SourceTitle "EXT 2024"]
[Source "ChessBase"]
[SourceDate "2023.10.10"]
[SourceVersion "1"]
[SourceVersionDate "2023.10.10"]
[SourceQuality "1"]

1. d4 Nf6 2. c4 g6 3. Nf3 Bg7 4. Nc3 d5 5. e3 0-0 6. Be2 Bf5 7. 0-0 Nc6 8. a3 a5 9. Qb3 dxc4 10. Bxc4 a4 11. Qd1 Bg4 12. h3 Bxf3 13. Qxf3 e5 14. d5 Na5 15. Ba2 Qd7 16. e4 Ne8 17. Qd1 b5 18. Be3 Nd6 19. Bc5 Rfc8 20. Bxd6 cxd6 21. Qd3 Rc5 22. Rac1 Rac8 23. Ne2 Bh6 24. Rxc5 Rxc5 25. Nc3 f5 26. f3 Bf4 27. Ne2 Bg5 28. Kh1 Nc4 29. Bxc4 Rxc4 30. Nc3 Bd8 31. Rd1 f4 32. Qe2 Bb6 33. Rd3 Bd4 34. Qd2 Qc8 35. Kh2 b4 36. axb4 Rxb4 37. Qe1 Rb3 38. Qd2 Qc4 39. Qc2 a3 40. Rd1 Rxb2 41. Qc1 Qxc3 42. Qxc3 Bxc3 43. Rc1 a2 0-1

[Event "LTU-chT (Women)"]
[Site "Lithuania"]
[Date "2014.02.08"]
[Round "2"]
[White "Zalimaite, Ieva"]
[Black "Sidaraviciute, Ruta"]
[Result "1-0"]
[WhiteElo "1847"]
[BlackElo "1530"]
[PlyCount "137"]
[EventDate "2014.02.08"]
[EventType "team-tourn"]
[EventRounds "5"]
[EventCountry "LTU"]
[SourceTitle "EXT 2016"]
[Source "ChessBase"]
[SourceDate "2015.10.08"]
[SourceVersion "1"]
[SourceVersionDate "2015.10.08"]
[SourceQuality "1"]

1. c4 Nf6 2. Nc3 e6 3. Nf3 d5 4. cxd5 exd5 5. d4 Be7 6. Bf4 0-0 7. e3 c6 8. h3 Ne4 9. Nxe4 dxe4 10. Nd2 f5 11. Bc4+ Kh8 12. 0-0 Nd7 13. a3 Nb6 14. Ba2 Nd5 15. Bh2 Bd6 16. Bxd6 Qxd6 17. Nc4 Qf6 18. Qc2 Re8 19. Ne5 Be6 20. b4 Nb6 21. a4 Bxa2 22. Qxa2 Re7 23. a5 Nd7 24. Nxd7 Rxd7 25. a6 b6 26. Rac1 Rd6 27. Qb1 Qe6 28. Rfd1 Rad8 29. b5 cxb5 30. Rc7 R6d7 31. Rdc1 Qd5 32. Qb4 h6 33. h4 h5 34. Rc8 Kh7 35. Rxd8 Rxd8 36. Qe7 Qd7 37. Rc7 Qxe7 38. Rxe7 b4 39. Rxa7 b5 40. Rb7 Ra8 41. Rxb5 Rxa6 42. Rxb4 Rd6 43. Rb5 g6 44. Rb7+ Kh6 45. Rf7 Rd5 46. Kh2 Rd6 47. Kg3 Rd8 48. Kf4 Rd5 49. Re7 Ra5 50. f3 exf3 51. gxf3 Rd5 52. Re5 Rd8 53. d5 Rd6 54. e4 fxe4 55. fxe4 Rf6+ 56. Ke3 Kg7 57. Re7+ Kf8 58. Rc7 Ra6 59. Kf4 Ra1 60. d6 Ke8 61. Ke5 Kd8 62. Ke6 Ra6 63. Rg7 Kc8 64. Rg8+ Kb7 65. Ke7 Ra5 66. Rxg6 Re5+ 67. Re6 Rc5 68. d7 Rc7 69. Ke8 1-0

[Event "Vilnius Braille op"]
[Site "Vilnius"]
[Date "2012.07.06"]
[Round "6"]
[White "Altinok, Kerim Osman"]
[Black "Sidaraviciute, Ruta"]
[Result "1-0"]
[WhiteElo "1917"]
[BlackElo "1552"]
[PlyCount "65"]
[EventDate "2012.07.02"]
[EventType "swiss"]
[EventRounds "9"]
[EventCountry "LTU"]
[SourceTitle "EXT 2014"]
[Source "ChessBase"]
[SourceDate "2013.11.20"]
[SourceVersion "1"]
[SourceVersionDate "2013.11.20"]
[SourceQuality "1"]

1. d4 Nf6 2. Nf3 e6 3. c4 d5 4. Nc3 Be7 5. Bg5 0-0 6. Rc1 b6 7. cxd5 exd5 8. e3 Bb7 9. Bd3 h6 10. Bh4 Nbd7 11. 0-0 c5 12. Qe2 Qb8 13. Rfd1 Re8 14. Bb1 Bd6 15. Nb5 a6 16. Nxd6 Qxd6 17. Bg3 Qe6 18. dxc5 Nxc5 19. Nd4 Qd7 20. Nf5 Qd8 21. Nd6 Re7 22. Nxb7 Rxb7 23. Qf3 Qd7 24. Bh4 Qe6 25. Bxf6 gxf6 26. Qxd5 Qxd5 27. Rxd5 Re7 28. b4 Ne6 29. Kf1 Rb8 30. Rd6 a5 31. b5 Kg7 32. Rcc6 Rc7 33. Rxe6 1-0

[Event "Vilnius Braille op"]
[Site "Vilnius"]
[Date "2012.07.03"]
[Round "2"]
[White "Sidaraviciute, Ruta"]
[Black "Novikovas, Anatolijus"]
[Result "0-1"]
[WhiteElo "1552"]
[BlackElo "1918"]
[PlyCount "88"]
[EventDate "2012.07.02"]
[EventType "swiss"]
[EventRounds "9"]
[EventCountry "LTU"]
[SourceTitle "EXT 2014"]
[Source "ChessBase"]
[SourceDate "2013.11.20"]
[SourceVersion "1"]
[SourceVersionDate "2013.11.20"]
[SourceQuality "1"]

1. e4 c5 2. Nc3 e6 3. g3 g6 4. Bg2 Bg7 5. d3 Ne7 6. Be3 d6 7. Qd2 Nbc6 8. Bh6 Bf6 9. Bg5 Bg7 10. Bh6 0-0 11. Bxg7 Kxg7 12. Nd1 Rb8 13. c3 b5 14. Ne2 d5 15. 0-0 a5 16. Ne3 dxe4 17. Bxe4 f5 18. Bg2 e5 19. Rfd1 f4 20. Be4 fxe3 21. Qxe3 Qd6 22. f4 Bg4 23. fxe5 Nxe5 24. Rf1 Bxe2 25. Qxe2 b4 26. Rad1 Rxf1+ 27. Rxf1 bxc3 28. bxc3 a4 29. Rd1 Nd5 30. Rc1 Nf6 31. Rd1 a3 32. Rd2 Rb1+ 33. Kg2 Nxe4 34. Qxe4 Qc6 35. Kh3 Qxe4 36. dxe4 Rb2 37. Rd5 Kf6 38. Rxc5 Rxa2 39. Ra5 Nf3 40. g4 Ng5+ 41. Kg3 Nxe4+ 42. Kh3 Rc2 43. Rxa3 Rxc3+ 44. Rxc3 Nxc3 0-1